Švédské bankovnictví.
Vznik bankovníctva v 18. stor. založením prvých sporiteľní. Stručný prierez históriou. Premena sporiteľní vplyvom nového zákonodarstva na akciové spoločnosti. Pôsobenie zahraničných bánk vo Švédsku. Bilancie. Bankový zákon. Finančné spoločnosti. Špecializované úverové ústavy. Úverové straty. Zaisten...
Salvato in:
| Autore principale: | |
|---|---|
| Natura: | Capitolo di libro |
| Lingua: | ceco |
| Soggetti: | |
| Tags: |
Nessun Tag, puoi essere il primo ad aggiungerne!!
|
MARC
| LEADER | 00000naa a2200000 4500 | ||
|---|---|---|---|
| 001 | r013327 | ||
| 005 | 20221213081807.1 | ||
| 041 | 0 | |a cze | |
| 044 | |a CZ | ||
| 245 | 1 | 0 | |a Švédské bankovnictví. |c M. Stanzelová |
| 520 | |a Vznik bankovníctva v 18. stor. založením prvých sporiteľní. Stručný prierez históriou. Premena sporiteľní vplyvom nového zákonodarstva na akciové spoločnosti. Pôsobenie zahraničných bánk vo Švédsku. Bilancie. Bankový zákon. Finančné spoločnosti. Špecializované úverové ústavy. Úverové straty. Zaistenie platobného styku. | ||
| 610 | 2 | 0 | |a bankovníctvo |
| 610 | 2 | 0 | |a Švédsko |
| 610 | 2 | 0 | |a bilancie |
| 610 | 2 | 0 | |a spoločnosti finančné |
| 610 | 2 | 0 | |a ústavy úverové |
| 610 | 2 | 0 | |a styk platobný |
| 100 | 1 | |a Stanzelová, M. | |